000 00254nam a2200097Ia 4500
082 _aJ R 591.53 BRIG
245 0 _aNature's predators
100 _a BRIGHT, Michael London, 2001
_994051
942 _cBK
008 210817s9999 xx 000 0 und d
999 _c384746
_d384745